Rick and Morty general knowledge - Statistics

General Stats
  • This quiz has been taken 183 times
  • The average score is 8 of 25
Answer Stats
Hint Answer % Correct
How old is Morty? 14
72%
Who is summer’s first boss? The devil
70%
Who escaped the central finite curve? Evil morty
64%
What does snuffles rename himself as? Snowball
63%
Which child does Beth choose when she gets to spare one? Summer
61%
Which hivemind is Rick’s ex? Unity
59%
What’s Jerry’s favourite rick? Doofus rick
47%
What is Beth’s job? Horse doctor
44%
What is birdperson’s new name? Phoenix person
42%
Who is the vindicator’s janitor? Noob-noob
38%
Where does Rick get obsessed with when he is drunk? Israel
34%
What is rick scared of? Pirates
34%
What does rick name all his files? Booger aids
27%
What species is morty’s son? Gazorpazorp
26%
What is the name of the weapon that can wipe someone out across all dimensions? The omega device
20%
What happens when you look into the truth tortoise’s eyes? You know everything
13%
What is morty’s dragon named? Balthromaw
12%
What’s the secret ingredient in simple Rick’s? Simple rick
11%
What is the name of Rick’s band? The flesh curtains
11%
What does the wishing portal actually lead to? A garbage dump
10%
How often is Morty allowed an adventure? Every 10 adventures
9%
What is at level 15? A sushi bar
4%
Which fake character does rick reference Jerry to? Red grin grumble
3%
Where does Morty age the wine? Narnia dimension
2%
How does rick get Morty an A in maths? By entering the teacher’s dream
1%
No matching quizzes found
Score Distribution
Percent of People with Each Score
Percentile by Number Answered
Your Score History
You have not taken this quiz